000 00236nam a2200085Ia 4500
008 170620s9999 xx 000 0 und d
100 _aChellamani- K
245 0 _aPortfolio writhing - An InnovativeLearning
260 _bNew Delhi- Neelkamal Pvt. Ltd.
260 _c2008
999 _c25317
_d25317